Top 30 des jeux de sociétés les plus vendus en France sur 2011-2020 - Statistiques

Statistiques générales
  • Ce quiz a été pris 48 fois
  • Le résultat moyen est 7 sur 30
Statistiques - réponses
Hint Réponse % Correct
1. Monopoly
97%
2. Uno
74%
19. Uno Flip
74%
3. La Bonne Paye
71%
4. Scrabble
53%
5. Cluedo
45%
7. Trivial Poursuit
26%
9. Jungle Speed
24%
8. Puissance 4
24%
29. Codenames
21%
10. Dobble
21%
6. Docteur Maboul
21%
11. Time's Up
21%
14. Dixit
18%
12. Blanc-manger coco
16%
25. Labyrinthe
16%
28. Les Aventuriers Du Rail
16%
13. Les Loups-Garous de Thiercelieux
11%
22. Cuisto Dingo
5%
18. Perudo
5%
17. Timeline
5%
15. 7 Wonders
3%
30. Azul
3%
16. Concept
3%
21. Croc Carotte
3%
26. GraviTrax
3%
20. Skip-Bo
3%
24. SOS Ouistiti
3%
27. Défis Nature
0%
23. Jumanji
0%
Aucun quiz correspondant
Distribution des résultats
% des personnes avec chaque résultat
Percentile par nombre de réponses
Votre historique - résultats
Vous n’avez pas pris ce quiz